| 000 | 00478nam a22001577a 4500 | ||
|---|---|---|---|
| 999 |
_c15709 _d15709 |
||
| 003 | OSt | ||
| 082 |
_a631.587 _bAPA/I |
||
| 088 | _aP 442 | ||
| 100 |
_aAparna P V _94218 |
||
| 100 |
_aKrishna _94219 |
||
| 100 |
_aSilpa S Jayan _94220 |
||
| 245 | _aIrrigation scheduling studies on soilless culture media for polyhouse cultivatin of vegetable crops | ||
| 260 |
_aTavanur _bDepartment of Irrigation and Drainage Engineering _c2019 |
||
| 700 |
_aRema K P (Guide) _93209 |
||
| 942 | _cPR | ||